000 00392nam a2200145Ia 4500
008 230917s9999||||xx |||||||||||||| ||und||
040 _e107743
_aMAIN
041 _aEnglish
082 _a658.3 Mc17U
100 _aMcGoldrick , Jim
245 0 _aUnderstanding human resource development: a research -based approach
260 _aLondon
_bRoutledge
_c2002
300 _a407p p.
942 _cBK
999 _c119950
_d119950